000 00820nam a2200217Ia 4500
999 _c39942
_d39942
001 6548
003 GE_BSU
005 20191015165332.0
008 181216s1988||||ge |||||||||||||| ||geo||
040 _cGE_BSU
080 _a821.353.1-1 ბ-56
100 _aბერულავა, ხუტა
_93945
245 _aლექსები, პოემები /
_cხუტა ბერულავა ; რედ. რ. სირაძე.
250 _aმეორე გამოცემა.
264 _aთბილისი :
_bსაბჭ.საქართველო ;
_c1988.
300 _a654 გვ. :
_bფოტო ;
_c21სმ.
653 _aლექსები
653 _aპოემები
700 _aსირაძე, რ.
_eრედაქტორი
_94734
942 _cBK
_2udc